00644 2200217 4500001002100000005001500021035002000036007000300056008004100059020002200100082000800122084001400130100003200144245009300176250000600269260003100275300004900306700003000355650002400385990001700409INLIS00000000000100320260604120409 a0010-0823000167ta260604 c 0 ind  a978-979-781-099-3 a609 a609 OXL t0 aOxlade, Chris ( Pengarang )1 aTopik Paling Seru :bPenemuan - penemuan hebat /cChris Oxlade ; Editor, Kiki Sulityani a- aJakarta :bErlangga,c2003 a32 :bilus. ; gambar berwarna ;c21. 5 cme-0 aKiki Sulityani ( Editor ) 4aensiklopedia, sains a00052/K/2008